00883nam a2200229 a 4500001001000000003000400010005001700014008004100031040002500072082002000097100004300117245005800160260006200218300003100280590002600311600005600337650003000393650003300423942001300456952016700469999001700636000033200OSt20201013151156.0110822s1938 dr c 000 0 spa d aDO-SdBNPbspacBNPHU 4aPR861.44bC963a1 aCuchí Coll, Isabel914775d1904-199310aArras de cristal y Clara Lair /cIsabel Cuchí Coll. aCiudad Trujillo, República Dominicana :bCromos,c1938. a[22] p. :bretr. ;c19 cm. aInventariado, 2019/VM14aLair, Clara,914775d1895-1973.t Arras de cristal. 42Poesía puertorriqueña 42Literatura puertorriqueña 2ddccLF1 00102ddc50718RVaGRbGRd2011-08-22iLF1l0oPR861.44 C963ap33200-10r2020-06-25w2020-06-25y1zPerteneció a la biblioteca personal de Julio Ortega Frier c32691d32691